German Footballers who don't play in Germany - Statistics

General Stats
  • This quiz has been taken 411 times
    343 since last reset
  • The average score is 14 of 25
Answer Stats
Position Hint Answer % Correct
GK Barcelona Marc-Andre Ter Stegen
97%
MF Real Madrid Toni Kroos
89%
GK Arsenal Bernd Leno
87%
DF Chelsea Antonio Rudiger
86%
MF Manchester City Ilkay Gundogan
85%
GK Liverpool (On Loan at Besiktas) Loris Karius
83%
MF Arsenal Mesut Ozil
80%
MF Paris St Germain Julian Draxler
79%
MF Juventus Sami Khedira
76%
DF Arsenal Shkodran Mustafi
70%
MF Manchester City Leroy Sane
65%
DF Paris St Germain Thilo Kehrer
64%
FW Vissel Kobe Lukas Podolski
61%
MF Chicago Fire Bastian Schweinsteiger
60%
MF Brighton & Hove Albion Pascal Gross
49%
DF Lokomotiv Moscow Benedikt Howedes
43%
MF Juventus Emre Can
34%
MF Crystal Palace Max Meyer
32%
DF AS Monaco Benjamin Henrichs
26%
MF Crvena Zvezda Marko Marin
25%
FW Napoli Amin Younes
24%
FW Tianjin Teda Sandro Wagner
21%
DF PSV Daniel Schwaab
12%
DF Huddersfield Town Erik Durm
8%
DF Istanbul Basaksehir Serdar Tasci
7%
No matching quizzes found
Score Distribution
Percent of People with Each Score
Percentile by Number Answered
Your Score History
You have not taken this quiz since the last reset